La construcción narrativa de los eventos del pasado : una propuesta teórica /

El objetivo de este artículo es estudiar la construcción de los eventos del pasado, destacando el papel mediador de las narrativas, consideradas como artefactos culturales creadores de significado. Veremos cómo ciertos sucesos y cambios físicos pasan a constituirse en signos en el marco de una actua...

Full description

Bibliographic Details
Main Author: Brescó, Ignacio
Format: Analitica de revista
Language:Spanish
Published: Madrid, España Fundación Infancia y Aprendizaje 2009
Subjects:

MARC

LEADER 00000cab a2200000 a 4500
001 031920
003 UAHC_CL
005 20170803123423.0
008 090704b sp 000 spa
040 |a UAHC_CL  |c UAHC_CL  |d UAHC_CL 
100 1 |a Brescó, Ignacio 
245 1 3 |a La construcción narrativa de los eventos del pasado :  |b una propuesta teórica /  |c Ignacio Brescó. 
260 |b Fundación Infancia y Aprendizaje  |a Madrid, España  |c 2009 
300 |a p. 215-230 
500 |a En: Estudios de psicología, 30(2), 2009. p. 215-230. ISSN 02109395. 
500 |a En: Estudios de psicología, 30(2), 2009. p. 215-230. ISSN 02109395. 
520 |a El objetivo de este artículo es estudiar la construcción de los eventos del pasado, destacando el papel mediador de las narrativas, consideradas como artefactos culturales creadores de significado. Veremos cómo ciertos sucesos y cambios físicos pasan a constituirse en signos en el marco de una actuación semiótica, mediante la cual serían interpretados en tanto eventos significativos a la luz de una determinada narrativa temática. Desde esta perspectiva, nos centraremos en las historias nacionales, observando cómo su propia forma narrativa permite interpretar y valorar los eventos del pasado y del presente, conectándolos, además con un determinado escenario de futuro. Finalmente, concluiremos con unos breves comentarios en torno a la enseñanza de la historia, señalando la conveniencia de hacer visibles las narrativas a fin de dotar a los estudiantes de más herramientas simbólicas y, consecuentemente, de una mayor agencialidad para que puedan afrontar críticamente las historias que circulan en su contexto social. 
520 |a El objetivo de este artículo es estudiar la construcción de los eventos del pasado, destacando el papel mediador de las narrativas, consideradas como artefactos culturales creadores de significado. Veremos cómo ciertos sucesos y cambios físicos pasan a constituirse en signos en el marco de una actuación semiótica, mediante la cual serían interpretados en tanto eventos significativos a la luz de una determinada narrativa temática. Desde esta perspectiva, nos centraremos en las historias nacionales, observando cómo su propia forma narrativa permite interpretar y valorar los eventos del pasado y del presente, conectándolos, además con un determinado escenario de futuro. Finalmente, concluiremos con unos breves comentarios en torno a la enseñanza de la historia, señalando la conveniencia de hacer visibles las narrativas a fin de dotar a los estudiantes de más herramientas simbólicas y, consecuentemente, de una mayor agencialidad para que puedan afrontar críticamente las historias que circulan en su contexto social. 
650 4 |a MEDIACION 
759 |a PP066 
773 0 |t Estudios de psicología.  |w 031866 
900 |a ESTUD. PSICOL.-02/09 
942 |c REVA 
952 |0 0  |1 0  |4 0  |6 ESTUD___PSICOL_02_09_000000000000000  |7 0  |8 General  |9 62070  |a BC  |b BC  |c General  |d 2017-08-03  |l 0  |o ESTUD. PSICOL.-02/09  |p FICTICIO2689  |r 2019-01-08 00:00:00  |t 1  |w 2017-08-03  |y REVA 
999 |c 31920  |d 31920